00959nam a22002057a 4500999001700000003000900017008004100026040007100067082002000138110001700158245005500175260004100230300002600271505021200297650002200509942001600531945000800547952009900555952009900654  c11469d11469AR-CdUCM190401b           ||||| |||| 00| 0 spa d  aMUNICIPALIDAD PROVINCIAL DEL CUSCOcBIBLIOTECA MUNICIPAL DEL CUSCO  aES / 463 /bN18  aNakal927389  aDiccionario ilustrado :bDe la lengua castellana /  aPerú :bFondo editorial navarrete,  a735 paginas ;c16 cm.  aContenido :Vocabulario técnico de medicina -- Vocabulario técnico de sonido -- Vocabulario técnico de robótica -- Vocabulario técnico de televisión vidéo -- Vocabulario técnico de láser ...  aDiccionario95196  2ddccLIBROS  arum  002ddc4070aSIbSIcCHILDd2019-04-04g20.00oES / 463 / N18pSI00001241r2019-04-04yLIBROS  002ddc4070aSIbSIcCHILDd2019-04-04g20.00oES / 463 / N18pSI00001242r2019-04-04yLIBROS